[Event "?"]
[Site "?"]
[Date "2017.11.05"]
[Round "4.29"]
[White "Köhler, Michael"]
[Black "Glok, David"]
[Result "1-0"]
[WhiteElo "1614"]
[BlackElo "1021"]
[PlyCount "117"]
[EventDate "2017.??.??"]
[WhiteTeam "SC Prichsenstadt"]
[BlackTeam "SK München Südost"]

1. d4 Nf6 2. Nf3 d5 3. c4 c6 4. Qc2 g6 5. cxd5 Bf5 6. Qd1 cxd5 7. Nc3 Nc6 8.
Bg5 Bg7 9. e3 a6 10. Qb3 b5 11. Bxf6 Bxf6 12. Qxd5 Qxd5 13. Nxd5 O-O 14. Nxf6+
exf6 15. Kd2 Rac8 16. a3 Na5 17. Ke1 Nb3 18. Rd1 Bc2 19. Be2 Bxd1 20. Bxd1 Na5
21. Nd2 Rfd8 22. f3 Nc4 23. Nxc4 bxc4 24. Kd2 Rb8 25. Kc1 Rd6 26. Be2 c3 27.
bxc3 Rb3 28. Kc2 Rxa3 29. Rb1 Ra2+ 30. Rb2 Rxb2+ 31. Kxb2 Kf8 32. Bd1 Ke7 33.
Kc2 a5 34. Kd3 Ra6 35. Ba4 h5 36. Kc4 Kd6 37. e4 Ra8 38. f4 Rc8+ 39. Kd3 h4 40.
Bb3 Rc7 41. c4 Rb7 42. c5+ Ke7 43. Kc4 f5 44. e5 f6 45. Kc3 fxe5 46. fxe5 g5
47. d5 f4 48. d6+ Kd8 49. c6 Rb6 50. c7+ Kc8 51. Be6+ Kb7 52. c8=Q+ Ka7 53.
Qc7+ Rb7 54. Qc5+ Ka6 55. Bc4+ Rb5 56. Qxb5+ Ka7 57. Qxa5+ Kb7 58. d7 Kb8 59.
Qb6+ 1-0

[Event "?"]
[Site "?"]
[Date "2017.11.05"]
[Round "5.1"]
[White "Epishin, Vladimir"]
[Black "Gegenfurtner, Jürgen"]
[Result "1-0"]
[WhiteElo "2519"]
[BlackElo "2293"]
[PlyCount "121"]
[EventDate "2017.??.??"]
[WhiteTeam "SV Lingen"]
[BlackTeam "SV Seubelsdorf"]

1. c4 e6 2. d4 d5 3. Nc3 Nf6 4. cxd5 exd5 5. Bg5 Be7 6. e3 O-O 7. Bd3 Nbd7 8.
Nge2 Re8 9. O-O c6 10. f3 Nf8 11. Bh4 Ne6 12. Kh1 a6 13. Bc2 g6 14. Bb3 Ng7 15.
Bf2 Be6 16. Bg1 Qa5 17. Nf4 Rad8 18. Nxe6 Nxe6 19. e4 Bb4 20. e5 Nd7 21. f4 Ng7
22. Qf3 f6 23. Ne2 Rf8 24. Qg4 fxe5 25. fxe5 Rxf1 26. Rxf1 Rf8 27. Nf4 Qd8 28.
Rf3 Qe8 29. a3 Be7 30. Nxd5 cxd5 31. Bxd5+ Kh8 32. Bxb7 Rxf3 33. Qxf3 a5 34.
Bc6 Qd8 35. Qf7 Nf5 36. Be4 Qg8 37. Qxg8+ Kxg8 38. g4 Ng7 39. Bc6 Nf8 40. d5
Bd8 41. Kg2 h5 42. gxh5 gxh5 43. Kf3 Nh7 44. Bd7 Nf8 45. Bc8 Kf7 46. b4 axb4
47. axb4 Ng6 48. Ke4 Bc7 49. d6 Bd8 50. b5 Ne6 51. Be3 Bg5 52. Bxg5 Nxg5+ 53.
Kf5 Nf3 54. e6+ Kg7 55. Ke4 Ng5+ 56. Kd5 Kf6 57. b6 Nf4+ 58. Kc6 Nf3 59. b7
Nd4+ 60. Kb6 Nd5+ 61. Kc5 1-0

[Event "?"]
[Site "?"]
[Date "2017.11.05"]
[Round "5.2"]
[White "Teske, Henrik"]
[Black "Naundorf, Maik"]
[Result "1-0"]
[WhiteElo "2471"]
[BlackElo "2142"]
[PlyCount "87"]
[EventDate "2017.??.??"]
[WhiteTeam "SV Empor Erfurt"]
[BlackTeam "Elberfelder SG"]

1. d4 Nf6 2. c4 c5 3. Nf3 g6 4. Nc3 cxd4 5. Nxd4 Bg7 6. g3 O-O 7. Bg2 Qc7 8. b3
d5 9. Ndb5 Qa5 10. Bd2 dxc4 11. bxc4 Nc6 12. O-O Bf5 13. e4 Bg4 14. f3 Qb6+ 15.
Rf2 Be6 16. Rb1 Bxc4 17. Nd6 Qa6 18. Nxc4 Qxc4 19. Bf1 Qe6 20. Rxb7 Rab8 21.
Rxb8 Rxb8 22. Bf4 Rd8 23. Rd2 Rxd2 24. Qxd2 Nd7 25. Nd5 Nd4 26. Kg2 Nb6 27. Qa5
h5 28. Qxa7 Nxd5 29. Qa8+ Kh7 30. Qxd5 Qb6 31. Be3 Qb2+ 32. Bf2 e6 33. Qd7 f5
34. exf5 exf5 35. a4 Qa2 36. Bd3 Qd2 37. Bb5 Qb2 38. Qd5 Nc2 39. Qe6 Nd4 40.
Qc4 Nc2 41. Qe2 Qc3 42. Be8 Nd4 43. Qe3 Qa1 44. Qg5 1-0

[Event "?"]
[Site "?"]
[Date "2017.11.05"]
[Round "5.3"]
[White "Asadzade, Idris"]
[Black "Ziegler, Michael"]
[Result "1/2-1/2"]
[WhiteElo "1898"]
[BlackElo "2117"]
[PlyCount "81"]
[EventDate "2017.??.??"]
[WhiteTeam "Königsspringer Leverkusen"]
[BlackTeam "SC Prichsenstadt"]

1. c4 Nf6 2. Nf3 c5 3. Nc3 b6 4. g3 Bb7 5. Bg2 e6 6. O-O Be7 7. Re1 Ne4 8. Nxe4
Bxe4 9. d3 Bb7 10. e4 O-O 11. d4 cxd4 12. Nxd4 d6 13. Be3 Nd7 14. Rc1 a6 15. a3
Qc7 16. f4 Rac8 17. b4 Qb8 18. Qe2 Rfe8 19. Nb3 Bf8 20. Qf2 Ba8 21. h3 Rc7 22.
Rc2 Rec8 23. Rec1 Bc6 24. Qe2 Ba4 25. Qd3 g6 26. Bd4 e5 27. Bb2 b5 28. Kh2 Bh6
29. cxb5 Rxc2 30. Rxc2 Rxc2 31. Qxc2 axb5 32. fxe5 Nxe5 33. Bxe5 dxe5 34. Qd3
Bxb3 35. Qxb3 Qa7 36. Qd3 Bc1 37. Qxb5 Qxa3 38. Qe8+ Kg7 39. Qxe5+ Kg8 40. b5
Be3 41. Qe8+ 1/2-1/2

[Event "?"]
[Site "?"]
[Date "2017.11.05"]
[Round "5.5"]
[White "Lukas, Norbert"]
[Black "Weber, Daniel"]
[Result "1/2-1/2"]
[WhiteElo "2040"]
[BlackElo "2057"]
[PlyCount "113"]
[EventDate "2017.??.??"]
[WhiteTeam "SK Schweinfurt"]
[BlackTeam "SF 1903 Berlin"]

1. e4 e6 2. d4 d5 3. Nc3 Nf6 4. e5 Nfd7 5. f4 c5 6. Nf3 Qb6 7. Ne2 Nc6 8. c3 a6
9. Qc2 Be7 10. Be3 Qc7 11. g4 cxd4 12. Nexd4 g5 13. Nxc6 bxc6 14. O-O-O gxf4
15. Bxf4 Bb7 16. Bd3 Nf8 17. h4 c5 18. Rhf1 Qa5 19. Kb1 Bc6 20. c4 Qb4 21. Bd2
Qb7 22. Ng5 Rb8 23. b3 a5 24. Bxa5 Bxg5 25. hxg5 Ng6 26. Rde1 Qa7 27. Bd2 Qc7
28. cxd5 Bxd5 29. Bc4 Qc6 30. Bc1 O-O 31. Bxd5 Qxd5 32. Qe4 c4 33. Qxd5 exd5
34. e6 fxe6 35. Rxf8+ Nxf8 36. Kc2 cxb3+ 37. axb3 Rc8+ 38. Kd3 Nd7 39. Ba3 e5
40. Bd6 Re8 41. b4 Kf7 42. Rh1 Kg6 43. b5 Kxg5 44. Rxh7 Nb6 45. Rh5+ Kxg4 46.
Rxe5 Rxe5 47. Bxe5 Kf5 48. Kd4 Ke6 49. Bc7 Na8 50. Ba5 Kd7 51. Kxd5 Nc7+ 52.
Bxc7 Kxc7 53. Kc5 Kb7 54. b6 Kb8 55. Kc6 Kc8 56. b7+ Kb8 57. Kb6 1/2-1/2

[Event "?"]
[Site "?"]
[Date "2017.11.05"]
[Round "5.6"]
[White "Wagner, Robert"]
[Black "Muskat, Gunter"]
[Result "1-0"]
[WhiteElo "2050"]
[BlackElo "2039"]
[PlyCount "85"]
[EventDate "2017.??.??"]
[WhiteTeam "SC Forchheim"]
[BlackTeam "SG Büchenbach/Roth"]

1. d4 Nf6 2. c4 e6 3. Nc3 Bb4 4. Qc2 d5 5. cxd5 exd5 6. Nf3 O-O 7. Bf4 Ne4 8.
e3 c5 9. dxc5 Qa5 10. Bd3 Bxc3+ 11. bxc3 Qxc3+ 12. Qxc3 Nxc3 13. O-O Nc6 14.
Rfc1 Ne4 15. Rab1 Re8 16. Nd4 g5 17. Bc7 f6 18. h3 Re7 19. Bh2 Ne5 20. Bxe4
dxe4 21. Bxe5 Rxe5 22. Nb5 Bd7 23. Nd6 Bc6 24. Nxb7 Rb8 25. Nd6 Rxb1 26. Rxb1
Rxc5 27. Rb8+ Kg7 28. Rc8 Rc1+ 29. Kh2 Rc2 30. Nf5+ Kf7 31. Nd4 Rxf2 32. Nxc6
Rxa2 33. Rc7+ Kg6 34. Rxa7 Re2 35. Ne7+ Kf7 36. Nf5+ Kg6 37. Ra5 Rf2 38. Ng3
Rd2 39. Nxe4 Rd3 40. Ra6 Rxe3 41. Nxf6 Kg7 42. Ng4 Rb3 43. Ra5 1-0

[Event "?"]
[Site "?"]
[Date "2017.11.05"]
[Round "5.7"]
[White "Andersen, Jens Knud"]
[Black "Chen, Jiaoji"]
[Result "1-0"]
[WhiteElo "2186"]
[BlackElo "1923"]
[PlyCount "55"]
[EventDate "2017.??.??"]
[WhiteTeam "SK Mering"]
[BlackTeam "SV Würzburg"]

1. Nf3 c5 2. c4 Nf6 3. Nc3 g6 4. e4 d6 5. d4 cxd4 6. Nxd4 Bg7 7. Be2 O-O 8. Be3
Nbd7 9. O-O Nc5 10. f3 a5 11. b3 Bd7 12. Qd2 Re8 13. Rab1 Na6 14. a3 b6 15.
Rfc1 h5 16. b4 axb4 17. axb4 Nh7 18. Nd5 e6 19. Nc3 Be5 20. Ndb5 d5 21. cxd5
exd5 22. Nxd5 Qh4 23. f4 Bxf4 24. Bxf4 Rxe4 25. Bf3 Bf5 26. Nd6 Rxf4 27. Qxf4
Qxf4 28. Nxf4 1-0

[Event "?"]
[Site "?"]
[Date "2017.11.05"]
[Round "5.8"]
[White "Stadler, Alexander"]
[Black "Haasner, Tom"]
[Result "1-0"]
[WhiteElo "2130"]
[BlackElo "1959"]
[PlyCount "103"]
[EventDate "2017.??.??"]
[WhiteTeam "SC Vilshofen"]
[BlackTeam "TSV Rottendorf"]

1. d4 Nf6 2. Bf4 d5 3. e3 c5 4. c3 Nc6 5. Nd2 e6 6. Ngf3 Nh5 7. Bg5 f6 8. Bh4
g6 9. Be2 cxd4 10. Nxd4 Ng7 11. e4 Nxd4 12. cxd4 Be7 13. O-O O-O 14. e5 fxe5
15. Bxe7 Qxe7 16. dxe5 Qb4 17. Qc2 Bd7 18. a3 Qf4 19. Nf3 Rac8 20. Qb3 Rc7 21.
g3 Qe4 22. Rfe1 Bc6 23. Bd1 Qf5 24. Qe3 Rcf7 25. Rf1 Qe4 26. Qxe4 dxe4 27. Nd4
Bd5 28. Be2 Nf5 29. Nb5 a6 30. Nc3 Nd4 31. Bg4 Bc4 32. Rfd1 e3 33. Rxd4 exf2+
34. Kg2 f1=Q+ 35. Rxf1 Bxf1+ 36. Kg1 Rf2 37. Ne4 Rxb2 38. Nf6+ Kg7 39. Kxf1
Rxh2 40. Bxe6 Rxf6+ 41. exf6+ Kxf6 42. Bc8 Rc2 43. Bxb7 Rc3 44. Rf4+ Kg5 45.
Rf3 Rc1+ 46. Kg2 a5 47. Rb3 Rc5 48. Ba6 h5 49. Rb5 Rxb5 50. Bxb5 h4 51. gxh4+
Kxh4 52. Kf3 1-0

[Event "?"]
[Site "?"]
[Date "2017.11.05"]
[Round "5.9"]
[White "Feldheim, Jonas"]
[Black "Pohl, Steffen"]
[Result "1-0"]
[WhiteElo "2087"]
[BlackElo "1904"]
[PlyCount "35"]
[EventDate "2017.??.??"]
[WhiteTeam "Spvgg Stetten"]
[BlackTeam "SK Schwanstetten"]

1. e4 e6 2. d4 d5 3. Nc3 Nf6 4. Bg5 Bb4 5. e5 h6 6. Bc1 Ne4 7. Qg4 g6 8. Nge2
c5 9. a3 Bxc3+ 10. bxc3 h5 11. Qf4 Qa5 12. f3 Nxc3 13. Bd2 cxd4 14. Nxd4 Qc7
15. Qf6 Rg8 16. Bb5+ Bd7 17. Nxe6 Qb6 18. Bg5 1-0

[Event "?"]
[Site "?"]
[Date "2017.11.05"]
[Round "5.11"]
[White "Neubauer, Jaroslaus"]
[Black "Schneider, Dominik"]
[Result "1-0"]
[WhiteElo "2009"]
[BlackElo "1819"]
[PlyCount "55"]
[EventDate "2017.??.??"]
[WhiteTeam "SK Schweinfurt"]
[BlackTeam "vereinslos"]

1. e4 e6 2. d4 d5 3. e5 c5 4. c3 Nc6 5. Nf3 Qb6 6. Be2 Bd7 7. O-O cxd4 8. cxd4
f6 9. Nc3 fxe5 10. dxe5 a6 11. a3 Nge7 12. Bf4 Ng6 13. Bg3 Be7 14. Re1 O-O 15.
h4 Ncxe5 16. Nxe5 Nxe5 17. Bf1 Qxb2 18. Nxd5 exd5 19. Qxd5+ Kh8 20. Rab1 Bc6
21. Qe6 Qxa3 22. Bxe5 Bxh4 23. Bxg7+ Kxg7 24. Qg4+ Kh8 25. Qxh4 Rf7 26. Qd4+
Kg8 27. Bc4 Raf8 28. Rb3 1-0

[Event "?"]
[Site "?"]
[Date "2017.11.05"]
[Round "5.12"]
[White "Brückner, Alexander"]
[Black "Lipinsky, Markus"]
[Result "1/2-1/2"]
[WhiteElo "1838"]
[BlackElo "2008"]
[PlyCount "117"]
[EventDate "2017.??.??"]
[WhiteTeam "SF Augsburg"]
[BlackTeam "SC Tarrasch München"]

1. e4 c5 2. Nc3 Nc6 3. d3 d6 4. Be3 e5 5. g3 h5 6. h3 h4 7. g4 g5 8. Qd2 f6 9.
Bg2 Be6 10. Nce2 Rh7 11. c3 d5 12. Qc2 d4 13. Bd2 Rc7 14. c4 a6 15. Nf3 b5 16.
b3 Nb4 17. Bxb4 cxb4 18. Nd2 a5 19. Qb2 bxc4 20. Nxc4 Bxc4 21. bxc4 Bc5 22. O-O
Ne7 23. Rfb1 Rcc8 24. Bf3 Rcb8 25. Nc1 a4 26. Bd1 Rb6 27. Ne2 Qb8 28. Nc1 Kf7
29. Ne2 Kg7 30. Qc1 Nc6 31. Qb2 Ra7 32. Kg2 Qc8 33. Qc1 Qa6 34. Qb2 Ra8 35. Kg1
Kg6 36. Kg2 Qa5 37. Kf1 Rbb8 38. Qd2 Qa6 39. Qb2 Ra7 40. Kg2 Kh6 41. Kf1 Rbb7
42. Kg1 Nd8 43. Qc1 Ne6 44. Bc2 Bd6 45. Qd1 Nc5 46. f3 Qc6 47. Kg2 Rb8 48. Kg1
Rba8 49. Nc1 Qb7 50. Kg2 Rb8 51. Kh2 Qc6 52. Kg2 Bc7 53. Ne2 Ra5 54. Nc1 Raa8
55. Kh2 Ba5 56. Ne2 Ra7 57. Kg2 Bc7 58. Nc1 Ra5 59. Kh2 1/2-1/2

[Event "?"]
[Site "?"]
[Date "2017.11.05"]
[Round "5.13"]
[White "von Zimmermann, Georg"]
[Black "Diller, Andreas"]
[Result "1-0"]
[WhiteElo "2071"]
[BlackElo "1885"]
[PlyCount "71"]
[EventDate "2017.??.??"]
[WhiteTeam "MSA Zugzwang"]
[BlackTeam "SK Rothenburg"]

1. e4 e6 2. d4 d5 3. Nc3 Nf6 4. e5 Nfd7 5. Nf3 a6 6. Ne2 c5 7. c3 Nc6 8. a3 Be7
9. Nf4 cxd4 10. cxd4 O-O 11. h4 Nb6 12. Bd3 f6 13. exf6 Bxf6 14. Ng5 Bxg5 15.
hxg5 g6 16. Rxh7 Rxf4 17. Rh6 Re4+ 18. Bxe4 dxe4 19. Rxg6+ Kf8 20. Qh5 Ke7 21.
Bf4 Kd7 22. Rg7+ Ne7 23. Be5 Nbd5 24. Rc1 b5 25. Qh7 Bb7 26. Qxe4 Rc8 27. Rc5
Qb6 28. Qc2 Rxc5 29. dxc5 Qc6 30. Bd6 Kd8 31. Qh7 Qe8 32. Rf7 Bc6 33. Qg7 Kd7
34. g6 e5 35. Qxe5 b4 36. Qf5+ 1-0

[Event "?"]
[Site "?"]
[Date "2017.11.05"]
[Round "5.14"]
[White "Kröncke, Manfred"]
[Black "Astner, Sebastian"]
[Result "1-0"]
[WhiteElo "2000"]
[BlackElo "1864"]
[PlyCount "77"]
[EventDate "2017.??.??"]
[WhiteTeam "SG Glückstadt"]
[BlackTeam "FC Ergolding"]

1. e4 d5 2. exd5 Nf6 3. Nc3 Nxd5 4. Bc4 Nxc3 5. Qf3 e6 6. dxc3 Nc6 7. Qg3 g6 8.
Nf3 Bg7 9. O-O Bd7 10. Bf4 Rc8 11. Rad1 O-O 12. Bb5 f6 13. Bxc6 bxc6 14. Be3
Qe7 15. b4 Qf7 16. Bxa7 e5 17. a4 Bh6 18. Be3 Bg7 19. a5 Bf5 20. Ra1 Ra8 21.
Rfc1 Qc4 22. Ra3 Rfd8 23. Nd2 Qd5 24. h3 Bf8 25. a6 Qb5 26. a7 c5 27. Ra5 Qb6
28. Rca1 c6 29. Nb3 Rd7 30. Nxc5 Bxc5 31. Bxc5 Qd8 32. Qf3 e4 33. Qe2 Rd2 34.
Qc4+ Kg7 35. Bd4 Qd7 36. Ra6 Bxh3 37. Qxc6 Qg4 38. Qxf6+ Kh6 39. Be3+ 1-0

[Event "?"]
[Site "?"]
[Date "2017.11.05"]
[Round "5.15"]
[White "Homi, Joseph"]
[Black "Meulner, Fabian"]
[Result "1/2-1/2"]
[WhiteElo "1850"]
[BlackElo "1993"]
[PlyCount "23"]
[EventDate "2017.??.??"]
[WhiteTeam "SGem Fürth"]
[BlackTeam "SW Nürnberg Süd"]

1. e4 Nf6 2. e5 Ng8 3. d4 d6 4. exd6 cxd6 5. Nf3 g6 6. Bd3 Nf6 7. O-O Bg7 8. b3
O-O 9. Bb2 Nh5 10. Re1 Nc6 11. c4 Nf4 12. Bf1 1/2-1/2

[Event "?"]
[Site "?"]
[Date "2017.11.05"]
[Round "5.16"]
[White "Diller, Peter"]
[Black "Lichtmannecker, Daniel"]
[Result "1-0"]
[WhiteElo "1976"]
[BlackElo "1831"]
[PlyCount "109"]
[EventDate "2017.??.??"]
[WhiteTeam "SK Rothenburg"]
[BlackTeam "FC Ergolding"]

1. e4 e6 2. f4 d5 3. e5 c5 4. Nf3 Nc6 5. c3 Nh6 6. Na3 a6 7. Be2 b5 8. d3 Bb7
9. Nc2 Be7 10. O-O O-O 11. Bd2 Rc8 12. h3 Nf5 13. Kh2 d4 14. g4 dxc3 15. bxc3
Nh4 16. Nxh4 Bxh4 17. Be3 Ne7 18. Bf3 Bxf3 19. Rxf3 Qd5 20. Qf1 Rfd8 21. Bg1
Nc6 22. Qg2 Be7 23. Re3 b4 24. c4 Qxg2+ 25. Kxg2 a5 26. Rd1 a4 27. Re2 Rd7 28.
Kf3 Na5 29. Red2 Rcd8 30. Ke2 Rc8 31. Bf2 Nc6 32. g5 g6 33. h4 Kg7 34. Be3 Bf8
35. Ne1 Ne7 36. Nf3 Nf5 37. Bf2 Be7 38. Nh2 h5 39. gxh6+ Nxh6 40. Rg1 Kh7 41.
Nf3 Nf5 42. Rh1 Kg7 43. Rh2 Rb8 44. Rd1 b3 45. axb3 Rxb3 46. h5 Rb2+ 47. Nd2 g5
48. Rg1 a3 49. fxg5 a2 50. g6 f6 51. Be3 Nh6 52. Rhh1 fxe5 53. Bxh6+ Kxh6 54.
g7 a1=Q 55. Rg6+ 1-0

[Event "?"]
[Site "?"]
[Date "2017.11.05"]
[Round "5.17"]
[White "Drewes, Thomas"]
[Black "Diller, Marianne"]
[Result "1/2-1/2"]
[WhiteElo "1794"]
[BlackElo "1904"]
[PlyCount "95"]
[EventDate "2017.??.??"]
[WhiteTeam "SV Würzburg"]
[BlackTeam "SK Rothenburg"]

1. d4 d5 2. Bf4 Nf6 3. e3 e6 4. Nd2 Be7 5. h3 b6 6. Bd3 Ba6 7. Qe2 Bxd3 8. Qxd3
O-O 9. Ngf3 Nbd7 10. O-O c5 11. c3 c4 12. Qe2 b5 13. e4 dxe4 14. Nxe4 h6 15.
Nxf6+ Nxf6 16. Rfe1 Nd5 17. Bg3 Bd6 18. Ne5 Qc7 19. a3 Rfe8 20. Qf3 Bxe5 21.
Bxe5 Qe7 22. Qg3 Qg5 23. Qxg5 hxg5 24. g4 a6 25. Re2 f6 26. Bg3 Kf7 27. Rae1 a5
28. Re4 g6 29. Kg2 b4 30. axb4 axb4 31. cxb4 Nxb4 32. Rc1 Rac8 33. h4 Nd3 34.
Rc2 f5 35. gxf5 gxf5 36. Ree2 gxh4 37. Be5 Rg8+ 38. Kh3 Rg1 39. Kh2 Rb1 40. f3
Ne1 41. Rc3 Nd3 42. Rcc2 Rc1 43. Rc3 Rg8 44. Rxc1 Nxc1 45. Rc2 Nd3 46. Rxc4
Nxb2 47. Rc7+ Ke8 48. Rc8+ 1/2-1/2

[Event "?"]
[Site "?"]
[Date "2017.11.05"]
[Round "5.18"]
[White "Heppert, Lars"]
[Black "Neuwerth, Chulian"]
[Result "0-1"]
[WhiteElo "1904"]
[BlackElo "1790"]
[PlyCount "126"]
[EventDate "2017.??.??"]
[WhiteTeam "SK Neuburg"]
[BlackTeam "SV Röhrnbach"]

1. c4 e5 2. g3 c6 3. d4 exd4 4. Qxd4 d5 5. Nf3 dxc4 6. Qxc4 Be6 7. Qa4 Bc5 8.
Bg2 Ne7 9. O-O h6 10. Nc3 Nd7 11. Ne4 Qb6 12. Nxc5 Nxc5 13. Qa3 Nd5 14. Nd4 Qb4
15. Nxe6 Nxe6 16. Qxb4 Nxb4 17. Bd2 Nc2 18. Rad1 Ncd4 19. e3 Nb5 20. a4 Nbc7
21. Bb4 Na6 22. Bd6 O-O-O 23. e4 Rd7 24. e5 Nac5 25. b4 Nb3 26. Rd3 Nbd4 27.
Bh3 g6 28. Rfd1 Nf5 29. Rf3 Ng5 30. Rxf5 Nxh3+ 31. Kg2 gxf5 32. Kxh3 Rg8 33. f4
Rg6 34. a5 a6 35. Rd3 Re6 36. Rd4 Kd8 37. g4 fxg4+ 38. Kxg4 Rg6+ 39. Kh5 Kc8
40. h4 Rd8 41. f5 Rg2 42. Rg4 Rxg4 43. Kxg4 Kd7 44. Kh5 Re8 45. f6 Rh8 46. Kg4
Ke6 47. Kh5 Kf5 48. Bc7 Ke6 49. Bd6 Kd7 50. Kg4 h5+ 51. Kg5 Ke6 52. Bc7 Rg8+
53. Kxh5 Kf5 54. Kh6 Rh8+ 55. Kg7 Rxh4 56. Bd6 Ke6 57. Kg8 Rh2 58. Kg7 Rg2+ 59.
Kh7 Rg4 60. Kh8 Rg5 61. Kh7 Rxe5 62. Be7 Rg5 63. Kh8 Rg6 0-1

[Event "?"]
[Site "?"]
[Date "2017.11.05"]
[Round "5.19"]
[White "Nemetz, Markus"]
[Black "Orf, Niklas"]
[Result "1-0"]
[WhiteElo "1943"]
[BlackElo "1127"]
[PlyCount "87"]
[EventDate "2017.??.??"]
[WhiteTeam "SV Mödling (Aut)"]
[BlackTeam "SK Bad Neustadt"]

1. d4 d5 2. Nf3 Nf6 3. c4 e6 4. Nc3 Be7 5. Bg5 Nbd7 6. e3 c5 7. cxd5 exd5 8.
Rc1 b6 9. Be2 O-O 10. h3 Re8 11. O-O h6 12. Bf4 Nf8 13. Bb5 Bd7 14. dxc5 Bxc5
15. Bxd7 Qxd7 16. Be5 N8h7 17. Bd4 Rad8 18. Qd3 Ne4 19. Rfd1 Nhf6 20. a3 Bxd4
21. Nxd4 Nxc3 22. Rxc3 Rc8 23. Rdc1 Rxc3 24. Qxc3 Ne4 25. Qc7 Rd8 26. Qxd7 Rxd7
27. b3 g6 28. Kf1 Kg7 29. Ke2 Kf6 30. f3 Ng3+ 31. Kd3 Nf5 32. Nxf5 Kxf5 33. Kd4
Kg5 34. g3 Kf5 35. Rc6 Re7 36. h4 h5 37. Rd6 f6 38. Rxd5+ Re5 39. e4+ Ke6 40.
g4 Rxd5+ 41. exd5+ Kd6 42. gxh5 gxh5 43. Ke4 a5 44. Kf5 1-0

[Event "?"]
[Site "?"]
[Date "2017.11.05"]
[Round "5.21"]
[White "Porstendörfer, Yannik"]
[Black "Braun, Kristin"]
[Result "0-1"]
[WhiteElo "1231"]
[BlackElo "1832"]
[PlyCount "102"]
[EventDate "2017.??.??"]
[WhiteTeam "SK Klingenberg"]
[BlackTeam "SC Forchheim"]

1. e4 c5 2. Nf3 d6 3. d4 cxd4 4. Nxd4 Nf6 5. Nc3 g6 6. Be3 Bg7 7. Qd2 Nc6 8. f3
O-O 9. O-O-O d5 10. Nxc6 bxc6 11. g4 Be6 12. Qf2 Qa5 13. a3 dxe4 14. g5 Nd5 15.
Nxe4 Nxe3 16. Qxe3 Qe5 17. c3 f5 18. gxf6 exf6 19. Re1 Rfe8 20. f4 Qc7 21. Bd3
Bd5 22. Qg3 f5 23. Ng5 Bxh1 24. Rxh1 Bh6 25. Bc4+ Kg7 26. Qf2 Bxg5 27. fxg5 Qe5
28. Kc2 Qe4+ 29. Bd3 Qe3 30. Qh4 Rad8 31. Qc4 Qf2+ 32. Kb3 Qf3 33. Rg1 Qxd3 34.
Qxc6 Qd5+ 35. Qxd5 Rxd5 36. Rg2 f4 37. c4 Rf5 38. c5 Rxc5 39. h4 f3 40. Rf2 Rf5
41. h5 gxh5 42. g6 hxg6 43. a4 Re2 44. Rf1 f2 45. a5 Re1 46. a6 Rxf1 47. Kc3
Rd1 48. b4 f1=Q 49. b5 Qd3+ 50. Kb4 Rxb5+ 51. Ka4 Qb3# 0-1

[Event "?"]
[Site "?"]
[Date "2017.11.05"]
[Round "5.22"]
[White "Werner, Jörg"]
[Black "Prieb, Robert"]
[Result "1-0"]
[WhiteElo "1758"]
[BlackElo "1742"]
[PlyCount "119"]
[EventDate "2017.??.??"]
[WhiteTeam "SV Würzburg"]
[BlackTeam "SG Bochum"]

1. e4 c5 2. Nf3 d6 3. d4 cxd4 4. Nxd4 Nf6 5. Nc3 a6 6. Bg5 e6 7. f4 Qb6 8. Nb3
Qe3+ 9. Qe2 Qxe2+ 10. Bxe2 Be7 11. O-O-O Nbd7 12. Bf3 Rb8 13. g4 b5 14. Na5 Rb6
15. Bh4 Nc5 16. Bf2 b4 17. Bxc5 dxc5 18. Na4 Rb5 19. Nc6 Bd7 20. e5 Nd5 21.
Bxd5 exd5 22. Nxe7 Kxe7 23. f5 d4 24. b3 h5 25. h3 Bc6 26. Rhg1 hxg4 27. hxg4
Ra5 28. Nb6 Rxa2 29. Kb1 Ra5 30. Nc4 Rb5 31. Kb2 Rbb8 32. Ra1 Bb5 33. Nd6 Be2
34. Ra5 Bb5 35. Nxb5 axb5 36. Ra7+ Ke8 37. Rc7 Rh2 38. Rxc5 d3 39. Rd1 Rd8 40.
Kc1 d2+ 41. Kb2 Re2 42. c4 bxc3+ 43. Kxc3 b4+ 44. Kc2 Re3 45. Rc7 Rxe5 46. Rxd2
Rxd2+ 47. Kxd2 Re4 48. Rc4 Rxc4 49. bxc4 f6 50. Kc2 Kd7 51. Kb3 Kc6 52. Kxb4
Kb6 53. c5+ Kc6 54. Kc4 Kc7 55. Kd5 Kd7 56. c6+ Kc7 57. Kc5 Kc8 58. Kd6 Kd8 59.
c7+ Kc8 60. Kc6 1-0

[Event "?"]
[Site "?"]
[Date "2017.11.05"]
[Round "5.23"]
[White "Porstendörfer, Eric"]
[Black "Rauth, Markus"]
[Result "0-1"]
[WhiteElo "1253"]
[BlackElo "1744"]
[PlyCount "54"]
[EventDate "2017.??.??"]
[WhiteTeam "SK Klingenberg"]
[BlackTeam "SV Germania Erlenbach"]

1. e4 c5 2. Nf3 d6 3. d4 cxd4 4. Nxd4 Nf6 5. Nc3 a6 6. Nf3 Nc6 7. Bc4 e6 8. Bg5
Be7 9. Qd2 b5 10. Bb3 b4 11. Bxf6 Bxf6 12. e5 bxc3 13. Qxc3 Nxe5 14. O-O-O O-O
15. Rhe1 Qb6 16. Qd4 Qxd4 17. Nxd4 d5 18. f4 Nd7 19. g4 Nc5 20. f5 a5 21. a3 a4
22. Ba2 Rb8 23. fxe6 fxe6 24. b3 Bd7 25. b4 Ne4 26. Rd3 Nf2 27. Rf3 Bxd4 0-1

[Event "?"]
[Site "?"]
[Date "2017.11.05"]
[Round "5.24"]
[White "Kaptan, Cagatay"]
[Black "Meyer, Nico"]
[Result "1-0"]
[WhiteElo "1691"]
[BlackElo "1610"]
[PlyCount "51"]
[EventDate "2017.??.??"]
[WhiteTeam "vereinslos"]
[BlackTeam "SC Bechhofen"]

1. Nf3 c5 2. c4 Nc6 3. Nc3 g6 4. g3 Bg7 5. Bg2 Nf6 6. O-O O-O 7. d3 d6 8. Bd2
Bd7 9. a3 e6 10. Rb1 d5 11. cxd5 Nxd5 12. Ne4 b6 13. Qc1 Nd4 14. Nxd4 cxd4 15.
Bg5 f6 16. Bh6 Rc8 17. Qd2 Ba4 18. Rbc1 f5 19. Bxg7 Kxg7 20. Ng5 Qd7 21. Nf3
Nf6 22. Qb4 Rcd8 23. Rc4 Nd5 24. Qd2 Nc7 25. Nxd4 b5 26. Rxc7 1-0

[Event "?"]
[Site "?"]
[Date "2017.11.05"]
[Round "5.25"]
[White "von Kortzfleisch, Ruben"]
[Black "Mock, Gabriel"]
[Result "1/2-1/2"]
[WhiteElo "1677"]
[BlackElo "1405"]
[PlyCount "53"]
[EventDate "2017.??.??"]
[WhiteTeam "SF Bad Mergentheim"]
[BlackTeam "FC Ergolding"]

1. e4 c5 2. b3 e6 3. Bb2 d5 4. exd5 exd5 5. d4 Nf6 6. Nf3 Nc6 7. Bd3 Bg4 8.
dxc5 Bxc5 9. Qe2+ Qe7 10. Bxf6 Qxe2+ 11. Bxe2 gxf6 12. O-O O-O-O 13. Nbd2 Rhg8
14. c4 Bh3 15. Nh4 dxc4 16. Nxc4 Rd4 17. Kh1 Rxh4 18. gxh3 Rxh3 19. Rg1 Rxg1+
20. Kxg1 Kd8 21. Rd1+ Ke8 22. Nd6+ Bxd6 23. Rxd6 Ke7 24. Rd2 Ne5 25. Kg2 Rc3
26. Bd1 h6 27. Rc2 1/2-1/2

[Event "?"]
[Site "?"]
[Date "2017.11.05"]
[Round "5.26"]
[White "Löw, Leonid"]
[Black "Köhler, Michael"]
[Result "1/2-1/2"]
[WhiteElo "1272"]
[BlackElo "1614"]
[PlyCount "47"]
[EventDate "2017.??.??"]
[WhiteTeam "Allersberger SC"]
[BlackTeam "SC Prichsenstadt"]

1. e4 e6 2. d4 d5 3. exd5 exd5 4. Nf3 Bg4 5. Be2 Nf6 6. Nc3 Nbd7 7. O-O c6 8.
Bf4 Be7 9. Re1 O-O 10. a3 a5 11. h3 Bh5 12. Ne5 Bxe2 13. Nxe2 Nxe5 14. Bxe5 Bd6
15. Ng3 Re8 16. Bxd6 Qxd6 17. Qd2 Qc7 18. c3 b6 19. b4 Rxe1+ 20. Rxe1 axb4 21.
axb4 h6 22. Qd3 Ra3 23. Qc2 Qa7 24. Re3 1/2-1/2

[Event "?"]
[Site "?"]
[Date "2017.11.05"]
[Round "5.27"]
[White "Hammerl, Jonas"]
[Black "Memmel, Stefan"]
[Result "1-0"]
[WhiteElo "1622"]
[BlackElo "1386"]
[PlyCount "35"]
[EventDate "2017.??.??"]
[WhiteTeam "FC Ergolding"]
[BlackTeam "SK Schweinfurt"]

1. d4 Nf6 2. c4 e5 3. dxe5 Ne4 4. a3 Bc5 5. e3 c6 6. b4 Bb6 7. c5 Bc7 8. Bb2
Ng5 9. f4 Ne4 10. Nf3 O-O 11. Bd3 Nxc5 12. bxc5 Ba5+ 13. Nbd2 b6 14. O-O bxc5
15. Ng5 h6 16. Nc4 Bb6 17. Nd6 hxg5 18. Qh5 1-0

[Event "?"]
[Site "?"]
[Date "2017.11.05"]
[Round "5.28"]
[White "Nicola, Marius"]
[Black "Abou Wally, Adrian"]
[Result "0-1"]
[WhiteElo "840"]
[BlackElo "1121"]
[PlyCount "71"]
[EventDate "2017.??.??"]
[WhiteTeam "SK Schweinfurt"]
[BlackTeam "SV Schott Jena"]

1. d4 d5 2. c4 Nf6 3. cxd5 Nxd5 4. e4 Nf6 5. e5 Nd5 6. Nf3 Bf5 7. Qb3 Nb6 8.
Be2 Nc6 9. Be3 e6 10. O-O Be7 11. Na3 Rb8 12. Rac1 O-O 13. Nb5 a6 14. Rxc6 bxc6
15. Na7 Qd7 16. Rc1 Nd5 17. Qa4 Rb6 18. Nxc6 Rfb8 19. Nxe7+ Qxe7 20. Rc6 Rxb2
21. Bxa6 Ra8 22. Qc4 Rb6 23. Rxb6 Nxb6 24. Qe2 Nd5 25. Bb7 Rb8 26. Bxd5 exd5
27. h3 h6 28. a4 Qa3 29. Qa6 Rb4 30. Qa8+ Kh7 31. Qxd5 Qxa4 32. Qxf7 Qd7 33.
Qh5 Bg6 34. Qh4 c5 35. dxc5 Rxh4 36. Nxh4 0-1